Регионална библиотека "Любен Каравелов" - Русе

Жени, лишени от търпение (Запис номер 526548)

MARC детайли
000 -Лидер
Лидер 01286nam a2200277 c 4500
003 - Код на организацията, давaща контролен номер
Код на организацията, даваща контролен номер BLK
005 - Дата и час на последна редакция
Дата и час на последна редакция 20250407162713.0
008 - Елементи от данни с фиксирана дължина
Елементи с фиксирана дължина 180411b bul|||||r ||||||| ||bul||
020 ## - Международен стандартен номер на книга ISBN
ISBN 9786191646494
040 ## - Източник на каталожния запис
Код на библиотеката BLK
041 ## - Код за език
Език Български
Език за КДБФ Български
080 ## - УДК
УДК текст Литература на Камерун
УДК код 821.4(671.1)
УДК – определител -31
УДК – код + определител 821.4(671.1)-31
084 ## - Класификационен индекс по друга класификация
Авторски знак Ам - А 60
100 ## - Редна дума - Автор
Автор Амал, Джаили Амаду
R(LIN) 497255
245 10 - Сведения за заглавието
Заглавие Жени, лишени от търпение
Подзаглавни данни Роман
Авторска отговорност Джаили Амаду Амал ; прев. от фр. Зорница Стефанова Китинска.
260 ## - Област на издателските данни
9 (RLIN) 215899
Място на издаване София
Име на издателя Enthusiast
Година на издаване 2025
Издателство - префикс ISBN 978-619-164- ; 978-954-2958- ; 978-954-8657-
300 ## - Физическа характеристика
Брой страници 224 с.
Размер 20 см
380 ## - Жанр
Жанр Худож. лит.
500 ## - Общи забележки
Обща забележка Ориг. загл.: Les impatientes / Djaïli Amadou Amal<br/>Биогр. данни за авт. отбелязани на гърба на кор.<br/>Enthusiast - запазена марка на Алто комюникейшънс енд пъблишинг
700 1# - Други автори (авторска отговорност)
Друг автор Китинска, Зорница Стефанова
Авт. отговорност на др. автор прев. от фр.
9 (RLIN) 79412
852 ## - Местоположение
Сигнатура (форматна) Цб 326828
Отдел Хранилище
852 ## - Местоположение
Отдел Заемна - подръчен фонд
Систематично-азбучна сигнатура 821-31/А 60 Д
942 ## - АРТИКУЛИ
Вид на библиотечния документ Книги
Скрит в OPAC Не
Koha issues (borrowed), all copies 44
944 ## - СЪЗДАВАНЕ И РЕДАКЦИЯ на ЗАПИСА
Дата на регистрацията/редакция 2025-04-04
Служител, извършил регистрацията/редакцията 30576
Създаване/Редакция Редакция
Номер на служител Цветомила Тодорова
999 ## - СИСТЕМНИ КОНТРОЛНИ НОМЕРА
Koha biblionumber 526548
Koha biblioitemnumber 526548
Наличности
Код за отписване Код за изгубен артикул Източник на класификационната схема Код за повреда Код за отдаване Артикулен № Име на библиотеката - собственик Име на библиотеката, в която се намира в момента Статус (Текущо местоположение) Дата на вписване в системата Местоположение - отдел Цена в лева Инвентарен номер Систематично азбучна сигнатура Баркод Цена в евро Служебен тип на артикула Коз за рестрикции
  Не е изгубен Universal Decimal Classification Не е повреден заемане за дома 960444 Регионална библиотека "Любен Каравелов" Русе Регионална библиотека "Любен Каравелов" Русе Заемна - подръчен фонд 2025-02-07 Заемна - подръчен фонд 14.60 120000917594 821-31/А 60 Д 120000917594 7.46 Книги  
  Не е изгубен Universal Decimal Classification Не е повреден ползва се в читалня 971798 Регионална библиотека "Любен Каравелов" Русе Регионална библиотека "Любен Каравелов" Русе Хранилище 2025-05-22 Хранилище 20.00 120000919664 Цб 326828 120000919664 10.23 Книги само за читалня
Vip Innovations Ltd, Rousse, Bulgaria 2025